|
|
|
|
| LEADER |
00000nam0a2200000 4500 |
| 001 |
336095 |
| 005 |
20231102004824.0 |
| 035 |
|
|
|a (RuTPU)RU\TPU\book\362511
|
| 090 |
|
|
|a 336095
|
| 100 |
|
|
|a 20171009d1962 k y0rusy50 ca
|
| 101 |
0 |
|
|a rus
|
| 102 |
|
|
|a RU
|
| 105 |
|
|
|a a dm 001zy
|
| 200 |
1 |
|
|a Исследование теоретических основ и разработка методов полярографического определения высоких концентраций ионов металла в растворе
|e автореферат диссертации на соискание ученой степени кандидата химических наук
|f Л. Н. Любимова
|g Московский государственный университет им. М. В. Ломоносова (МГУ) ; науч. рук. В. Г. Сочеванов
|
| 210 |
|
|
|a Москва
|c [Б. и.]
|d 1962
|
| 215 |
|
|
|a 15 с.
|c табл.
|
| 300 |
|
|
|a Защита сост.: Декабрь 1962 г.
|
| 320 |
|
|
|a Библиогр.: с. 14-15 (10 назв.)
|
| 606 |
1 |
|
|a Полярографический анализ
|2 stltpush
|3 (RuTPU)RU\TPU\subj\50820
|9 69454
|
| 610 |
1 |
|
|a ионы металлов
|
| 610 |
1 |
|
|a концентрация
|
| 610 |
1 |
|
|a определение
|
| 610 |
1 |
|
|a растворы
|
| 610 |
1 |
|
|a полярографическое определение
|
| 610 |
1 |
|
|a медь
|
| 610 |
1 |
|
|a свинец
|
| 610 |
1 |
|
|a цинк
|
| 610 |
1 |
|
|a авторефераты диссертаций
|
| 610 |
1 |
|
|a библиотека А. Г. Стромберга
|
| 610 |
1 |
|
|a применение
|
| 610 |
1 |
|
|a аналитическая химия
|
| 675 |
|
|
|a 543.552(04)
|v 4
|
| 700 |
|
1 |
|a Любимова
|b Л. Н.
|
| 702 |
|
1 |
|a Сочеванов
|b В. Г.
|4 727
|
| 712 |
0 |
2 |
|a Московский государственный университет им. М. В. Ломоносова (МГУ)
|2 stltpush
|3 (RuTPU)RU\TPU\col\7
|
| 801 |
|
1 |
|a RU
|b 63413507
|c 20171009
|
| 801 |
|
2 |
|a RU
|b 63413507
|c 20180129
|g RCR
|
| 942 |
|
|
|c BK
|